Znaki zodiaku - przetłumacz z łaciny - Statystyki

Ogólne statystyki
  • Ten quiz został rozwiązany 25 razy
  • Średni wynik to 8 z 12
Statystyki odpowiedzi
po łacinie po polsku % Poprawnych
Aquarius Wodnik
90%
Leo Lew
85%
Cancer Rak
85%
Scorpius Skorpion
85%
Capricornus Koziorożec
70%
Aries Baran
60%
Gemini Bliźnięta
60%
Taurus Byk
55%
Pisces Ryby
55%
Libra Waga
55%
Virgo Panna
50%
Sagittarius Strzelec
45%
Nie znaleziono quizów pasujących do podanych kryteriów
Rozkład punktacji
Procent ludzi z każdym wynikiem
Percentyl według liczby udzielonych odpowiedzi
Twoja historia wyników
Nie rozwiązałeś tego quizu